101 Influential People by Image - Statistics

General Stats
  • This quiz has been taken 29 times
  • The average score is 40 of 101
Answer Stats
Picture Hint Answer % Correct
Michael Jackson
96%
Abraham Lincoln
93%
Adolf Hitler
93%
Ludwig van Beethoven
93%
Napoleon
89%
Vincent van Gogh
89%
Albert Einstein
85%
George Washington
85%
Jesus
85%
Mahatma Gandhi
85%
Joseph Stalin
81%
Louis Armstrong
81%
Mao Zedong
81%
Marie Curie
81%
Nelson Mandela
81%
Pablo Picasso
78%
Wolfgang Amadeus Mozart
78%
Isaac Newton
74%
John Lennon
74%
Karl Marx
74%
Martin Luther
74%
Nikola Tesla
74%
Paul McCartney
74%
Likely depiction William Shakespeare
74%
Elizabeth I
70%
Name blacked out Johann Sebastian Bach
70%
Large, cross-legged figure The Buddha
70%
Christopher Columbus
67%
Walt Disney
67%
Alexander the Great
63%
Genghis Khan
63%
Sigmund Freud
63%
George Harrison
59%
Ringo Starr
59%
Thomas Edison
59%
Aristotle
52%
Henry Ford
52%
Rembrandt
52%
Augustus
48%
Catherine the Great
48%
Julius Caesar
48%
Name blacked out Leonardo da Vinci
48%
Confucius
44%
Inscription of name Muhammad
44%
Alan Turing
41%
Florence Nightingale
41%
Leo Tolstoy
41%
Plato
41%
Mansa Musa
37%
Niccolò Machiavelli
37%
Voltaire
37%
John Locke
33%
René Descartes
33%
Simón Bolívar
33%
Socrates
33%
Homer
30%
Nicolaus Copernicus
26%
Suleiman the Magnificent
26%
Charles Darwin
22%
Charlie Chaplin
22%
Calligraphic seal of name Ali
19%
Cicero
19%
Cleopatra
19%
Galileo Galilei
19%
Ramesses II
19%
Adam Smith
15%
Figure in chariot Ashoka
15%
Alleged portrait Dante Alighieri
15%
Figure on the left Hammurabi
15%
Immanuel Kant
15%
Louis Pasteur
15%
Michelangelo
15%
Imaginary portrait Qin Shi Huang
15%
Leonhard Euler
11%
Timur
11%
Charlemagne
7%
Euclid
7%
James Clerk Maxwell
7%
Michael Faraday
7%
Central figure Wu Zetian
7%
Red-robed figure Adi Shankara
4%
Al-Khwarizmi
4%
Archimedes
4%
Avicenna
4%
Carl Friedrich Gauss
4%
Heavily associated relief (not depiction) Cyrus the Great
4%
Modern depiction Johannes Gutenberg
4%
Kurt Gödel
4%
Rabindranath Tagore
4%
Rumi
4%
Shen Kuo
4%
Akbar
0%
Antoine Lavoisier
0%
Dmitri Mendeleev
0%
Conventionalized depiction Hippocrates
0%
Hokusai
0%
Name blacked out Ibn Khaldun
0%
Li Bai
0%
Mary Wollstonecraft
0%
Murasaki Shikibu
0%
Center figure Virgil
0%
No matching quizzes found
Score Distribution
Percent of People with Each Score
Percentile by Number Answered
Your Score History
You have not taken this quiz